000 01558cab a2200217 4500
001 ABS37249
008 090401t1986 xxu||||| |||| 00| 0 eng d
035 _a(Sirsi) u3230
041 _aeng
245 _a29 Equities Ltd v Bank Leumi (UK) Ltd
260 _c1986
350 _a0
490 _aWeekly Law Reports
_v(1986) 1 WLR 1490-1497(8)
520 _aCA 10 October 1986. Appeal by purchasers(P) of a leasehold flat in London held for a term of 99 years from 29 September 1970. Contract for sale was entered into on 10 July 1985. Completion date was 29 November 1985 and the contract incorporated the National Conditions of Sale (NSC) (20th ed). Condition 11(5) applied with the effect that if the contract was rescinded by the vendor the deal would be called off. The vendor`s solicitors informed P that the landlord`s requirements before giving a license for assignment included two guarantors who should be British based. In the absence of guarantors being provided the vendors solicitors threatened to rescind the contract. On 2 December the vendors` solicitors purported to exercise the power under condition 11(5) to rescind the contract because landlord`s consent had not been obtained. Shortly afterwards two guarantors and references were accepted by the landlord`s agents from P`s solicitors. P registered a caution against the title and is
650 _aCONTRACT FOR SALE
650 _aPROPERTY-LEASEHOLD PROPERTY
650 _aVENDOR AND PURCHASER
690 _aPROPERTY LAW AND PRACTICE-CASE LAW
942 _n0
948 _c04/03/1997
999 _c1974
_d1974